000 01907nam a2200421 i 4500
001 148996
003 FINmELB
005 20241217182355.0
006 m o u
007 cr cn|||||||||
008 230314s2009 ck a o 000 0 spa d
020 _z9789587250237
035 _a(OCoLC)1377203949
040 _aFINmELB
_bspa
_erda
_cFINmELB
050 4 _aNC206.S65
_bS653 2009
080 _a741
082 0 4 _a741.9861
_223
100 1 _aSolano, Pablo,
_eartista.
245 1 0 _aHechuras de línea :
_bdibujos Pablo Solano /
_ctextos, Manuel Hernández Benavides, Halim Badawi, Marta Combariza, profesora asociada, Universidad Nacional de Colombia, Luisa Rivera González.
246 3 0 _aDibujos Pablo Solano
264 1 _aColombia :
_bFundación Universidad de Bogotá Jorge Tadeo Lozano,
_c2009.
300 _a1 recurso en línea :
_bprincipalmente ilustraciones
336 _atexto
_btxt
_2rdacontent/spa
337 _acomputadora
_bc
_2rdamedia/spa
338 _arecurso en línea
_bcr
_2rdacarrier/spa
500 _aCatálogo de una exposición realizada en 2009 en el Museo de Artes Visuales, Universidad de Bogotá "Jorge Tadeo Lozano".
588 _aDescripción basada en metadatos suministrados por el editor y otras fuentes.
590 _aRecurso electrónico. Santa Fe, Arg.: elibro, 2023. Disponible vía World Wide Web. El acceso puede estar limitado para las bibliotecas afiliadas a elibro.
600 1 4 _aSolano, Pablo.
655 4 _aLibros electrónicos.
700 1 _aHernández B., Manuel
_q(Hernández Benavides),
_eautor.
700 1 _aBadawi, Halim,
_eautor.
700 1 _aCombariza, Marta,
_eautor.
700 1 _aRivera González, Luisa,
_eautor.
710 2 _aUniversidad de Bogotá "Jorge Tadeo Lozano."
_bMuseo de Artes Visuales,
_einstitución de acogida.
797 2 _aelibro, Corp.
856 4 0 _uhttps://elibro.net/ereader/politecnicointernacional/220890
999 _c148996
_d148996